Sasol proteas : (Record no. 165290)

MARC details
000 -LEADER
fixed length control field 01125nam a2200325 a 4500
008 - FIXED-LENGTH DATA ELEMENTS--GENERAL INFORMATION
fixed length control field
020 ## - INTERNATIONAL STANDARD BOOK NUMBER
International Standard Book Number 1874950024 (pbk. )
049 ## - LOCAL HOLDINGS (OCLC)
Holding library MAIN
090 0# - LOCALLY ASSIGNED LC-TYPE CALL NUMBER (OCLC); LOCAL CALL NUMBER (RLIN)
Classification number (OCLC) (R) ; Classification number, CALL (RLIN) (NR) QK495 SAS
003 - CONTROL NUMBER IDENTIFIER
control field
005 - DATE AND TIME OF LATEST TRANSACTION
control field 20230123134412.0
040 ## - CATALOGING SOURCE
Transcribing agency NUST
100 1# - MAIN ENTRY--PERSONAL NAME
Personal name Rebelo, Tony.
245 10 - TITLE STATEMENT
Title Sasol proteas :
Remainder of title a field guide to the proteas of southern Africa /
Statement of responsibility, etc. Tony Rebelo
246 18 - VARYING FORM OF TITLE
Title proper/short title Proteas of southern Africa
246 30 - VARYING FORM OF TITLE
Title proper/short title Proteas
260 ## - PUBLICATION, DISTRIBUTION, ETC.
Place of publication, distribution, etc. Vlaeberg :
Name of publisher, distributor, etc. Fernwood Press in association with the National Botanical Institute,
Date of publication, distribution, etc. 1995.
300 ## - PHYSICAL DESCRIPTION
Extent 224 p., 112 p. of plates :
Other physical details ill. (some col.), maps ;
Dimensions 21 cm.
500 ## - GENERAL NOTE
General note photographs by Patersons-Jones Colin
500 ## - GENERAL NOTE
General note Illustrated by Nicci Page
504 ## - BIBLIOGRAPHY, ETC. NOTE
Bibliography, etc. note Includes bibliographical references.
500 ## - GENERAL NOTE
General note Includes index.
650 #0 - SUBJECT ADDED ENTRY--TOPICAL TERM
Topical term or geographic name entry element Proteaceae
Geographic subdivision Africa, Southern
General subdivision Identification.
650 #0 - SUBJECT ADDED ENTRY--TOPICAL TERM
Topical term or geographic name entry element Proteaceae
Geographic subdivision Africa, Southern
General subdivision Geographical distribution.
700 ## - ADDED ENTRY--PERSONAL NAME
Personal name Paterson-Jones, Colin.
700 1# - ADDED ENTRY--PERSONAL NAME
Personal name Page, Nicci.
710 2# - ADDED ENTRY--CORPORATE NAME
Corporate name or jurisdiction name as entry element Sasol (Firm)
907 ## - LOCAL DATA ELEMENT G, LDG (RLIN)
a .b10235206
b 30-04-07
c 01-03-07
942 ## - ADDED ENTRY ELEMENTS (KOHA)
Koha item type Ordinary Loan Books
Call number prefix QK495 SAS
Holdings
Date last seen Total Checkouts Full call number Barcode Cost, replacement price Price effective from Koha item type Lost status Source of classification or shelving scheme Damaged status Not for loan Collection Withdrawn status Home library Current library Shelving location Date acquired Cost, normal purchase price
01/23/2023   QK495 SAS 92003025770 80.00 01/23/2023 BOOKS   LCC     NFIC   MAIN MAIN GEN 01/23/2023 80.00